logo

Bir Sreshtho Munshi Abdur Rouf Library
Jhenaidah Cadet College

ঘাসের বনে ছোট্ট কুটির / (Record no. 13546)

MARC details
000 -LEADER
fixed length control field 00974nam a2200241 a 4500
001 - CONTROL NUMBER
JCCL Control Number 13546
003 - CONTROL NUMBER IDENTIFIER
JCCL marc code BD-JhCC
005 - DATE AND TIME OF LATEST TRANSACTION
control field 20240123125930.0
008 - FIXED-LENGTH DATA ELEMENTS--GENERAL INFORMATION
fixed length control field 240123b2018 b a|||| ||a| 000 0 eng d
020 ## - INTERNATIONAL STANDARD BOOK NUMBER
International Standard Book Number 9789845982177
035 ## - SYSTEM CONTROL NUMBER
system control number (BD-JhCC)13546
040 ## - CATALOGING SOURCE
Original cataloging agency BD-JhCC
Modifying agency BD-JhCC
041 ## - LANGUAGE CODE
Language code of Book ben
082 ## - DEWEY DECIMAL CLASSIFICATION NUMBER
Classification number 813.52
Author mark and Year WIL 2018
100 ## - MAIN ENTRY--PERSONAL NAME
Personal name ওয়াইল্ডার, লবা ইঙ্গল্‌স্‌
245 ## - TITLE STATEMENT
Title ঘাসের বনে ছোট্ট কুটির /
Statement of responsibility, etc লরা ইঙ্গল্‌স্‌ ওয়াইল্ডার, অনুবাদ : আতোয়ার রহমান
260 ## - PUBLICATION, DISTRIBUTION, ETC. (IMPRINT)
Place of publication, distribution, etc ঢাকা :
Name of publisher, distributor, etc চারুলিপি প্রকাশন;
Date of publication, distribution, etc 2018.
300 ## - PHYSICAL DESCRIPTION
Pagination 256 p. :
Other physical details ill;
Dimensions 24 cm.
650 ## - SUBJECT ADDED ENTRY--TOPICAL TERM
Topical term or geographic name as entry element Wilder, Laura Ingalls, 1867-1957
Form subdivision Frontier and pioneer life
General subdivision Talking books for children
Geographic subdivision Indians of North America
700 ## - ADDED ENTRY--PERSONAL NAME
Personal name আতোয়ার রহমান
942 ## - ADDED ENTRY ELEMENTS (KOHA)
Source of classification or shelving scheme Dewey Decimal Classification
Koha item type Books
Holdings
Source of classification or shelving scheme Damaged status Not for loan Home library Current library Shelving location Date of accession Cost, normal purchase price Total Checkouts Full call number Barcode Date last seen Date checked out Copy number Method of acquisition Koha item type Currency
Dewey Decimal Classification     JCC Rouf Library JCC Rouf Library General Stacks   300.00 1 813.52 WIL 2018 18383 02/11/2024 02/05/2024 C-1 Purchase Books BDT

JCC Library | Contacts | JCC Home

Last Update on 23 September 2017
Copyright @ 2017-2020 JCC Rouf Library
Rouf Library, Jhenidah Cadet College (JCC), Bangladesh